Como escribir correctamente y sin errores: técnicas de comunicación escrita (Registro nro. 5898)
[ vista simple ]
| 000 -CABECERA | |
|---|---|
| campo de control de longitud fija | 01008ata a2200349 4500 |
| 005 - FECHA Y HORA DE ACTUALIZACIÓN | |
| campo de control | 20161110184325.0 |
| 008 - LONGITUD FIJA | |
| campo de control de longitud fija | 150521b xxu||||| |||| 00| 0 spa d |
| 041 ## - IDIOMA | |
| Código de idioma del texto/pista de sonido o título separado | |
| 082 ## - CLASIFICACIÓN DECIMAL DEWEY | |
| Número de clasificación | 461 F714c |
| 100 ## - AUTOR PERSONAL | |
| Nombre de persona | Forero, María Teresa |
| 245 ## - TÍTULO PROPIAMENTE DICHO | |
| Título | Como escribir correctamente y sin errores: técnicas de comunicación escrita |
| 260 ## - PIE DE IMPRENTA | |
| Lugar de publicación, distribución, etc. | Uruguay |
| 260 ## - PIE DE IMPRENTA | |
| Nombre del editor, distribuidor, etc. | Latin Books International |
| 260 ## - PIE DE IMPRENTA | |
| Fecha de publicación, distribución, etc. | 2006 |
| 300 ## - DESCRIPCIÓN FÍSICA | |
| Extensión | 120 páginas |
| 650 ## - Materia General | |
| Materia general | TEXTO |
| 650 ## - Materia General | |
| Materia general | ESQUEMA BÁSICO |
| 650 ## - Materia General | |
| Materia general | ESCRITO EXPOSITIVO |
| 650 ## - Materia General | |
| Materia general | MONOGRAFÍAS |
| 650 ## - Materia General | |
| Materia general | INFORMES |
| 650 ## - Materia General | |
| Materia general | CURRICULUM VITAE |
| 650 ## - Materia General | |
| Materia general | CINCO SENTIDOS |
| 650 ## - Materia General | |
| Materia general | CARTAS |
| 650 ## - Materia General | |
| Materia general | DIÁLOGO |
| 650 ## - Materia General | |
| Materia general | ESCRITURA |
| 650 ## - Materia General | |
| Materia general | HERRAMIENTAS DE UN TEXTO |
| 650 ## - Materia General | |
| Materia general | TIPOS TEXTUALES |
| 650 ## - Materia General | |
| Materia general | CARTAS COMERCIALES |
| 650 ## - Materia General | |
| Materia general | DISCURSO |
| 650 ## - Materia General | |
| Materia general | ESTRUCTURAS NARRATIVAS |
| 942 ## - Punto de Acceso Adicional Koha | |
| Tipo de ítem Koha | Libro |
| Estado perdido | Estado dañado | No para préstamo | Biblioteca permanente | Biblioteca actual | Signatura completa | Código de barras | Precio efectivo a partir del | Tipo de ítem |
|---|---|---|---|---|---|---|---|---|
| Departamento de Biblioteca y Documentación Alfonso Chase Brenes | Departamento de Biblioteca y Documentación Alfonso Chase Brenes | 461 F714c | 15126 | 10/11/2016 | Libro |